Quizzes
Events
Quiz Creation
Community
Videos
Private Events
Remove Ads
Sign In
Join for FREE
Feedback
Dark Mode
Quiz Categories
Sports
Geography
Music
Movies
Television
Just For Fun
Miscellaneous
History
Literature
Language
Science
Gaming
Entertainment
Religion
Holiday
For Kids
Quiz Lab
Recent
Popular Today
Quiz Kudos Today
Editor Picks
Curator Picks
Quizzes by...
Day
Popularity
Type
Ratings
Length
Year
Community
Subscriptions
Recent Discussions
Orange Saloon
Badges
Playlists
Quests
Create
Leaderboards
Showdown
Live 5
Trivia Bingo
Activity
Puzzle Library
Sporcle Events
Private Events
Virtual Trivia
Globe League
Become a Host
Pub Owners
SporcleCon
Opinionation
Our Games
Videos
Blog
Mobile Apps
Partnerships
Remove Ads and Go Orange
Feedback
Literature
Harry Potter
A Song of Ice and Fire
The Hunger Games
Literary Character
Shakespeare
Book
Author
Novel
Poem
Young Adult
Children's Books
Play
Lord of the Rings
Literature
Harry Potter
A Song of Ice and Fire
The Hunger Games
Literary Character
Shakespeare
Book
Author
Novel
Poem
Young Adult
Children's Books
Play
Lord of the Rings
Random Quiz
Search Sporcle
×
Quiz Lab
Quiz Lab
Literature
secret
Type in answers that appear in a list
Type in answers that appear in a list
Classic
Best Score? Go Orange.
Chapters in the Chamber of Secrets Stats
Can you name the Chapters in the Chamber of Secrets?
By
Toria50708
7m
18 Questions
133 Plays
133 Plays
133 Plays
Comments
Comments
Give Quiz Kudos
Give Quiz Kudos
-
- Ratings
hide this ad
Forced Order
Answers have to be entered in order
Answers have to be entered in order
Replay
Link that replays current quiz
Next Quiz
Link to next quiz in quiz playlist
You Got
0%
They Got
Avg Score
75%
Avg Friend Score
Upgrade to see
Score Distribution
Jump to the score distribution portion of the page
Score
0/18
Timer
07:00
0
Plays Today
Chapter No
Title
% Correct
16
The Chamber of Secrets
92.5%
3
The Burrow
87.2%
1
The Worst Birthday
85%
2
Dobby's Warning
83.5%
6
Gilderoy Lockhart
82.7%
4
At Flourish and Blotts
80.5%
17
The Heir of Slytherin
76.7%
9
The Writing on the Wall
75.9%
12
The Polyjuice Potion
75.9%
Chapter No
Title
% Correct
15
Aragog
75.9%
5
The Whomping Willow
72.2%
18
Dobby's Reward
71.4%
7
Mudbloods and Murmurs
69.2%
8
The Deathday Party
68.4%
10
The Rogue Bludger
66.9%
14
Cornelius Fudge
66.2%
13
The Very Secret Diary
63.9%
11
The Duelling Club
56.4%
Quiz Playlist
Details
Report
Send in Message
Add To Playlist
Classic:
Type in answers that appear in a list
Forced Order:
Answers have to be entered in order
Quiz Source
Last Updated: Feb 16, 2017
Quiz Scoreboard
CHALLENGE
Sign Up to Join the Scoreboard
Show All
Scores
Hide
Comments
May contain spoilers
Recently Published
Decade Duel: World Leaders
by jenniferyan
History
4m
Alphabetical 'K' Countries by Flag Minefield
by ylime102
Geography
3m
Pick 6: Fruits
by JohnFran
Miscellaneous
15s
More to Explore
Quiz From the Vault
Featured Blog Post
15 Basketball Trivia Facts You Can Be March Mad About
hide this ad
You Might Also Like...
Tags
Chamber
Chapter
secret
Today's Top Quizzes in Literature
Browse Literature
hide this ad
Today's Top Quizzes in secret
Browse secret
Top Contributed Quizzes in Literature
1
Season Plays
2
Pick 3: Harry Potter Hogwarts Quidditch Players
3
Harry Potter Characters: Logic Puzzle
4
Hogwarts Midnight Escape
5
Word Ladder: King's 'The Stand'
6
Harry Potter logic puzzle: Triwizard Tournament
7
Spring Reading List
8
Literature Acrostic Puzzle
9
Criteria Quiz: Harry Potter Gryffindors
10
4-to-1 Blitz: Harry Potter
Explore More
Trending Topics
Anime
Kpop
Crossword
Harry Potter
Disney
Marvel
NBA
Country
Puzzle
WWE
Soccer
Pokémon
Song
The Office
NFL
hide this ad
More By:
Toria50708
Quiz
Plays
Rating
Category
Featured
Created
Spouses of English Monarchs
192
History
Jan 15, 2013
Chapters in the Deathly Hallows
178
2.00
Literature
Jan 9, 2010
Chapters in Goblet of Fire
174
5.00
Literature
Jan 9, 2010
Chapters in the Half-Blood Prince
159
2.50
Literature
Jan 11, 2010
Chapters in the Chamber of Secrets
133
3.50
Literature
Jan 6, 2010
Go to Creator's Profile
Score Distribution
Quiz Creator Spotlight
Toria50708
Follow
Send a Message
Quizzes Created
-
Created Quiz Play Count
-
More By This Creator
Popular Quizzes Today
1
Countries of Asia Without Outlines Minefield
2
Find the US States - No Outlines Minefield
3
Pick 6: Fruits
4
The Countries of the World
5
Alphabetical 'K' Countries by Flag Minefield
6
Find the Countries of Europe - No Outlines Minefield
7
US States
8
Find the US States
More Literature Quizzes
Book Covers: J. R. R. Tolkien
Editor's Pick
Trending Quizzes
Pick 6: Mountains
Pick 6: Harry Potter
Pick 6: Flags
Pick 6: NFL Teams
Pick 6: Movie Franchises
Recently Updated
Adaptations: Name the Title
pecheneg
NWSL Teams
pecheneg
Women's Final Four Teams by Year
bhenderson79
Presidents Quartet II
eogle
Anything But Clue(do)
eogle
Anything But Oceanian Capitals
eogle
Anything But 7
eogle
Anything But Thing
eogle
Word Ladder: February 29
pecheneg
Song Title Questions
pecheneg
Trending Topics
Crossword
Disney
Marvel
Harry Potter
Kpop
NBA
Anime
Soccer
Pokémon
WWE
The Office
Country
Song
Puzzle
NFL
Your Account Isn't Verified!
In order to create a playlist on Sporcle, you need to verify the email address you used during registration. Go to your
Sporcle Settings
to finish the process.
Report this User
Report this user for behavior that violates our
Community Guidelines
.
Details:
Send Report
Go to the Sporcle.com Mobile Site →
Comments